000 00963nam a2200313 a 4500
001 000045137
003 DO-SdBNP
005 20220711120828.0
007 000045137
008 150204s 1995 sp a 000 0 spa d
020 _a9788426104724
040 _aBPMSU
_bspa
_cBPMSU
092 _a863.3
_b863.3 C419d 1995
_222
100 1 _aCervantes Saavedra, Miguel de,
_c1547-1616.
_935
245 1 0 _aDon Quijote de la Mancha /
_cMiguel de Cervantes ; edición y notas de Martín de Riquer
250 _a13a. ed.
260 _aBarcelona :
_bJuventud,
_c1995.
300 _a1096 p. :
_bil. ;
_c21 cm.
490 _a
590 _6Inventariado, 2022/VM
600 _aCervantes Saavedra, Miguel de,
_d1547-1616
_tDon Quijote
650 4 _aNovela española.
_x
650 4 _aCaballos y caballería
_vNovela
_x
650 4 _aNovela de aventuras.
700 1 _aRiquer, Martín de,
_etexto y notas
830 _a
910 _aBTavarez/VMateo V.
942 _2ddc
_cBK
999 _c10533
_d10533